000 00460nam a2200121Ia 4500
008 220216s9999 xx 000 0 und d
100 _aTrivedi Krunal
245 0 _aProcessibility, morphological studies and mechanical properties of biodegradable LDPE/modified starch blends
260 _bProceedings of the Asia Rub Tech Expo, 23-25 November 2006, Indian Rubber Institute, Kochi. pp.150.
700 _aDarji Manojkumar
700 _aJohn Neetha
942 _cJS
999 _c65760
_d65760